000 00451nam a2200193Ia 4500
005 20250603145521.0
008 250603s9999 xx 000 0 und d
020 _a9781032159621
050 _aQC 476.7 .P46/
100 _aEdited by Ru-Shi Liu, Xiao-Jun Wang.
245 0 _aPhosphor handbook
250 _a3rd ed.
260 _aBoca Raton
260 _bCRC Press
260 _c2024
300 _a361 p
650 _aBoca Raton
942 _cBK
999 _c42088
_d42088